000 00626cam a22001691 4500
040 _cGEU
082 _a376 CHA 1940 A072 Or.
110 2 _aWilson College (Chambersburg, Pa.)
245 1 0 _a"Toward an honorable world,"
_ba symposium celebrating the seventh anniversary of the opening of the college, Saturday, October twelfth, nineteen hundred and forty, Chambersburg, Pennsylvania.
260 _a[Chambersburg, Pa.,
_c1940]
300 _a2 p. l., 7-38 p.
_c23 cm.
490 0 _aWilson College bulletin,
500 _aCover-title.
500 _aAt head of title : Wilson College.
650 0 _aCivilization.
942 _cEK
999 _c14929
_d14929